| 000 | 00667nam a2200193Ia 4500 | ||
|---|---|---|---|
| 008 | 151121s9999||||xx |||||||||||||| ||und|| | ||
| 082 | _a811/कुंभोज | ||
| 082 | _bHNW-62404 | ||
| 100 | _aकुंभोजकर ललिता | ||
| 245 | _aस्त्री : माझे नाव | ||
| 260 | _b"सुविचार प्रकाशन, पुणे।" | ||
| 260 | _c-- | ||
| 300 | _a94 | ||
| 600 | _aकुंभोजकर ललिता | ||
| 630 | _aस्त्री : माझे नाव | ||
| 700 | _aकुंभोजकर ललिता | ||
| 730 | _aस्त्री : माझे नाव | ||
| 942 | _cBOOK | ||
| 999 |
_c1243941 _d1243938 |
||